000 00355nam a22001577a 4500
020 _a978-93-84872-89-2
041 _aENG
100 _aKrishna Mohan
245 _aDeveloping Communication Skills
250 _a2 nd
260 _aDelhi
_bTrinity
_c2019
300 _a388
650 _aEnglish
700 _aMeera Banerjl
856 _uCompuetitive Exam
999 _c16
_d16